Štyridsiate piate výročie zborov pre občianske záležitosti

Bibliographic Details
Main Author: Demková, H. (Author)
Corporate Author: Zbory pre občianske záležitosti (Author)
Format: Article
Language:Slovak
Subjects:

MARC

LEADER 00000nab a2200000 a 4500
001 vtls001004690
003 SK-MaSNL
005 20260303041548.0
008 040720e19980000xo 0 slo
035 |a RV5290 
040 |a RVGKPD  |b slo  |c RVGKPD  |e AACR2 
041 0 |a slo 
044 |a xo  |c SK 
080 |a 352.07  |2 1981 
100 1 |a Demková, H.  |4 aut  |9 1026845 
245 1 0 |a Štyridsiate piate výročie zborov pre občianske záležitosti 
500 |a informácie 
610 2 7 |a zbory pre občianske záležitosti   |2 RVGKPD  |9 552121 
651 7 |a Gemerská Poloma (Slovensko)  |2 RVGKPD  |9 29357 
655 7 |a periodikum  |2 snkbucl  |9 29553 
710 2 |a Zbory pre občianske záležitosti  |4 aut  |9 552121 
773 0 8 |t Polomské noviny  |g Roč. 3, č.2 (1998), s. 5 
852 |a ZVYKNI  |b KIS3GCP 
999 |c 1687621  |d 1689551